[Event "Caissa IM August II"]
[Site "Kecskemet HUN"]
[Date "2005.08.23"]
[Round "6"]
[White "Kragelj,I"]
[Black "Knudsen,JesW"]
[Result "1/2-1/2"]
[WhiteElo "2230"]
[BlackElo "2038"]

1.d4 f5 2.g3 Nf6 3.Bg2 g6 4.Nf3 Bg7 5.O-O O-O 6.c4 d6 7.Nc3 Nc6 8.d5 Ne5
9.Nxe5 dxe5 10.Qb3 Kh8 11.Rd1 a6 12.c5 h6 13.Bd2 g5 14.Na4 Qe8 15.Ba5 Bd7
16.Nc3 b6 17.cxb6 cxb6 18.Qxb6 Rb8 19.Qc5 Rxb2 20.Qa3 Rb8 21.Bc7 Rc8 22.Bxe5 Qh5
23.Bf3 Qh3 24.Bg2 Qh5 25.Bf3 Qh3 26.Bg2  1/2-1/2

[Event "2nd Open Fincas Mediterranea"]
[Site "Castelldefels ESP"]
[Date "2005.08.25"]
[Round "9"]
[White "Kluss,K"]
[Black "Reyes Lopez,D"]
[Result "1-0"]
[WhiteElo "2192"]
[BlackElo "2072"]

1.d4 f5 2.g3 Nf6 3.Bg2 g6 4.Nf3 Bg7 5.O-O O-O 6.c4 d6 7.d5 Qe8 8.Nd4 Bd7
9.Nc3 Na6 10.e4 Nxe4 11.Nxe4 fxe4 12.Bxe4 Bh3 13.Re1 Qf7 14.Be3 Nc5 15.Bh1 a5
16.Qd2 a4 17.Rac1 Rae8 18.Rc2 Nd7 19.Ne6 Ne5 20.f4 Ng4 21.Nxf8 Rxf8 22.Bd4 Bh6
23.Bg2 Bxg2 24.Qxg2 g5 25.h3 Nf6 26.Rd2 Re8 27.Re6 Kf8 28.Bxf6  1-0

[Event "Premiership International"]
[Site "Coulsdon ENG"]
[Date "2005.08.31"]
[Round "4"]
[White "Buckley,G"]
[Black "Grunberg,M"]
[Result "1-0"]
[WhiteElo "2391"]
[BlackElo "2418"]

1.d4 f5 2.g3 Nf6 3.Bg2 g6 4.Nf3 Bg7 5.O-O O-O 6.c4 c6 7.Nc3 d6 8.d5 Bd7 9.Rb1 a5
10.b3 Na6 11.Bb2 Qb6 12.Qd4 Nc5 13.e4 Qa7 14.e5 Ng4 15.Rbe1 dxe5 16.Nxe5 Nxe5
17.Rxe5 Bxe5 18.Qxe5 Nd3 19.Qxe7 Rf7 20.Qe2 Nxb2 21.Qxb2 Qd4 22.Rd1 Qe5 23.Na4 Qxb2
24.Nxb2 Re8 25.Nd3 cxd5 26.Bxd5 Be6 27.Re1 Rfe7 28.Rxe6 Rxe6 29.Nc5 Kf7 30.Nxe6 Rxe6
31.f4 Ke7 32.Bxe6 Kxe6 33.a3  1-0

[Event "Premiership International"]
[Site "Coulsdon ENG"]
[Date "2005.09.01"]
[Round "6"]
[White "Buckley,G"]
[Black "Tavoularis,N"]
[Result "1-0"]
[WhiteElo "2391"]
[BlackElo "2196"]

1.d4 f5 2.g3 Nf6 3.Bg2 g6 4.Nf3 Bg7 5.O-O O-O 6.c4 d6 7.Nc3 Qe8 8.d5 a5 9.Rb1 c5
10.b3 Na6 11.Bb2 Nc7 12.Nd2 Bd7 13.Re1 Qf7 14.e4 f4 15.Nf3 Bg4 16.e5 Nh5
17.e6 Qf5 18.Rf1 g5 19.h3 Bxh3 20.Bxh3 g4 21.Nh4 Qe5 22.Qxg4 fxg3 23.fxg3 Qe3+
24.Kh2 Qd2+ 25.Bg2 Rxf1 26.Rxf1 Qxb2 27.Qxh5 Qa3 28.Qf7+ Kh8 29.Qxe7 Rg8
30.Ng6+  1-0

[Event "ch-NED w"]
[Site "Leeuwarden NED"]
[Date "2005.09.14"]
[Round "8"]
[White "Schuurman,P"]
[Black "Bensdorp,L"]
[Result "1-0"]
[WhiteElo "2266"]
[BlackElo "2108"]

1.d4 f5 2.g3 Nf6 3.Bg2 g6 4.Nf3 Bg7 5.O-O O-O 6.c4 d6 7.Nc3 Qe8 8.d5 a5 9.Nd4 Na6
10.b3 Bd7 11.Bb2 c6 12.Na4 Nc7 13.Nb6 Ra6 14.Nxd7 Qxd7 15.Nc2 e5 16.dxe6 Nxe6
17.Ne1 Raa8 18.e3 Rfd8 19.Nf3 Ne4 20.Qc2 Bxb2 21.Qxb2 Qg7 22.Qc2 Qf6 23.Rac1 Rd7
24.Rfd1 Rad8 25.Nd4 N4c5 26.Nxe6 Nxe6 27.Rd2 Qe5 28.Rcd1 Kf7 29.Qc1 Nc5 30.Qc2 Ne6
31.Kf1 h6 32.Qc1 h5 33.h4 Nc5 34.Qc2 Ne6 35.Qb2 Qxb2 36.Rxb2 Nc5 37.a3 Kf6
38.b4 axb4 39.axb4 Ne4 40.Rd4 d5 41.c5 Ra8 42.Bf3 Rdd8 43.Kg2 Ra3 44.Bd1 Ke5
45.Bb3 Rda8 46.Rd3 Nf6 47.Rdd2 Nd7 48.f3 Nf6 49.Kf2 Rb8 50.Bd1 Rba8 51.Rdc2 Ra1
52.Ke2 Nd7 53.Rd2 R8a3 54.Kf2 Rc1 55.e4 Raa1 56.f4+ Kf6 57.e5+ Ke6 58.Ke2 Rc3
59.Ra2 Rb1 60.Rd4 Rxg3 61.Ra7 Rb2+ 62.Kf1 Rh3 63.Kg1 Rxh4 64.Rxb7 g5 65.b5 Nxc5
66.Rc7 Rxb5 67.Rxc6+ Ke7 68.Rxd5 Rxf4 69.Rcxc5 Rxc5 70.Rxc5 h4 71.Bb3 Rb4
72.Bd5 Rb2 73.Rc7+ Kd8 74.Rg7 g4 75.e6 Re2 76.Bc4 Re4 77.Bd3 Re5 78.Rf7 Rxe6
79.Bxf5 Re2 80.Bxg4 Rb2 81.Rh7 Ke8 82.Bf3 Rd2 83.Kf1 h3 84.Rxh3 Ke7 85.Be2 Kd6
86.Kf2 Rb2 87.Ke3 Rb3+ 88.Bd3 Ra3 89.Kd4 Ra5 90.Bc4 Rg5 91.Rh6+ Ke7 92.Bd5 Kd7
93.Kc5 Ke7 94.Rh7+ Kf6 95.Kd6 Rg1 96.Rf7+ Kg6 97.Rf8 Re1 98.Be6 Re3 99.Ke7 Re1
100.Rg8+ Kh7 101.Rg5 Kh6 102.Rg2 Kh5 103.Kf6 Kh4 104.Rg4+ Kh5 105.Rf4 Rh1
106.Bf5 Rh2 107.Rg4 Rf2 108.Rg3 Rh2 109.Rg4 Rf2 110.Rd4 Rf1 111.Rd3 Rh1 112.Rd8 Kh4
113.Rh8+ Kg3 114.Rxh1 Kf4 115.Rh4+ Kg3 116.Rg4+  1-0

[Event "EYb14"]
[Site "Herceg Novi SCG"]
[Date "2005.09.16"]
[Round "3"]
[White "Balog,I1"]
[Black "Recuero Guerra,D"]
[Result "0-1"]
[WhiteElo "2186"]
[BlackElo "2261"]

1.d4 f5 2.c4 g6 3.Nf3 Nf6 4.g3 Bg7 5.Bg2 O-O 6.O-O d6 7.Nc3 Qe8 8.d5 Na6
9.Nd4 Nc5 10.b4 Nce4 11.Ncb5 Qd8 12.f3 a6 13.Na3 Nc3 14.Qd3 Nfxd5 15.cxd5 Bxd4+
16.Kh1 Bf6 17.Bh6 Rf7 18.e4 a5 19.bxa5 Na4 20.Rae1 Rxa5 21.Nc4 Ra8 22.e5 Bg7
23.Bxg7 Rxg7 24.e6 Nc5 25.Qc2 Qe8 26.f4 Qa4 27.Qc3 b5 28.Ne5 b4 29.Qd4 Bb7
30.Nf7 Qb5 31.Nh6+ Kf8 32.g4 Rxa2 33.gxf5 Nb3 34.Qd1 gxf5 35.Bf3 Nd2 36.Nxf5 Nxf3
37.Rxf3 Qxd5  0-1

[Event "EYb14"]
[Site "Herceg Novi SCG"]
[Date "2005.09.18"]
[Round "5"]
[White "Golichenko,I"]
[Black "Lilov,V"]
[Result "0-1"]
[WhiteElo "2283"]
[BlackElo "2216"]

1.d4 f5 2.c4 Nf6 3.g3 g6 4.Bg2 Bg7 5.Nf3 O-O 6.O-O c6 7.Nc3 d6 8.d5 e5 9.dxe6 Bxe6
10.Qb3 b5 11.Nd4 Bxc4 12.Qc2 Ne4 13.Nxe4 fxe4 14.Rd1 Nd7 15.Bxe4 Rc8 16.Bf4 Nf6
17.Bf3 Qd7 18.Rac1 Rfe8 19.e4 Ng4 20.b3 Bf7 21.Nxc6 Bf8 22.Bxd6 Bxd6 23.Bxg4 Qxg4
24.Rxd6 Rc7 25.e5 Qf3 26.Qd1 Qf5 27.Rd8 Qg5 28.Rxe8+ Bxe8 29.f4 Qf5 30.Qd5+ Kg7
31.Kg2 Qd7 32.Qxd7+ Bxd7 33.Nb8 Rxc1 34.Nxd7 Kf7 35.g4 a5 36.Nf6 a4 37.bxa4 bxa4
38.Nxh7 a3 39.Ng5+ Ke8 40.f5 gxf5 41.gxf5 Rc2+ 42.Kf3 Rxa2 43.f6 Rb2 44.e6 a2
45.Ne4 Rb6 46.f7+ Ke7  0-1

[Event "EYg16"]
[Site "Herceg Novi SCG"]
[Date "2005.09.21"]
[Round "7"]
[White "Agayeva,A"]
[Black "Vazirova,K"]
[Result "0-1"]
[WhiteElo "1937"]
[BlackElo "2109"]

1.d4 f5 2.g3 Nf6 3.Bg2 g6 4.c4 Bg7 5.Nf3 O-O 6.O-O d6 7.Nc3 Qe8 8.b3 e5 9.dxe5 dxe5
10.Ba3 Rf7 11.e4 Nc6 12.Re1 f4 13.Nd5 Bg4 14.Bb2 fxg3 15.hxg3 Rd8 16.Qd3 Nb4
17.Qc3 Bxf3 18.Nxf6+ Rxf6 19.Qxb4 Bh6 20.Qc3 Bxg2 21.Kxg2 Rd2 22.Qxe5 Rfxf2+
23.Kg1 Rg2+ 24.Kh1 Rh2+ 25.Kg1 Rdg2+ 26.Kf1 Qf7+ 27.Qf6 Rf2+ 28.Kg1 Rxf6
29.Bxf6  0-1

[Event "EYb16"]
[Site "Herceg Novi SCG"]
[Date "2005.09.22"]
[Round "8"]
[White "Trofimov,SP"]
[Black "Potapov,P"]
[Result "1-0"]
[WhiteElo "2411"]
[BlackElo "2285"]

1.d4 f5 2.g3 Nf6 3.Bg2 g6 4.Nf3 Bg7 5.O-O O-O 6.c4 d6 7.Nc3 Qe8 8.Nd5 Nxd5
9.cxd5 Nd7 10.Ng5 Nb6 11.a4 a5 12.e4 Bd7 13.Ne6 Bxe6 14.dxe6 c6 15.Bf4 fxe4
16.Bxe4 d5 17.Bc2 Nc4 18.b3 Nd6 19.Qd2 Nf5 20.Bxf5 Rxf5 21.b4 g5 22.Bxg5 axb4
23.h4 c5 24.Qc2 Rxg5 25.hxg5 Bxd4 26.Rad1 Qg6 27.Qb3 Qxg5 28.Rxd4 cxd4 29.Qxb4 d3
30.Rd1 Qf5 31.Qd4 Qxe6 32.Rxd3 Qc6 33.Qe5 Rxa4 34.Rf3 Qd6 35.Qg5+ Qg6 36.Qxd5+ Kg7
37.Qe5+ Kh6 38.Qxe7 Re4 39.Qf8+ Kg5 40.Kg2 b6 41.Rf7  1-0

[Event "Geller mem Open A"]
[Site "Odessa UKR"]
[Date "2005.09.22"]
[Round "8"]
[White "Podgaets,M"]
[Black "Muzychuk,A"]
[Result "1/2-1/2"]
[WhiteElo "2487"]
[BlackElo "2364"]

1.d4 f5 2.g3 Nf6 3.Bg2 g6 4.Nf3 Bg7 5.O-O O-O 6.c4 d6 7.Nc3 e6 8.b4 e5 9.dxe5 dxe5
10.Bb2 e4  1/2-1/2

[Event "Open A"]
[Site "Hamburg GER"]
[Date "2005.10.03"]
[Round "3"]
[White "Mack,W"]
[Black "Juergens,B"]
[Result "1-0"]
[WhiteElo "2224"]
[BlackElo "2136"]

1.g3 f5 2.Bg2 Nf6 3.d4 g6 4.Nf3 Bg7 5.O-O O-O 6.c4 d6 7.Nc3 Qe8 8.d5 Na6
9.Nd4 Bd7 10.e4 fxe4 11.Nxe4 Nxe4 12.Bxe4 c5 13.Nb5 Bxb5 14.cxb5 Qxb5 15.h4 Qc4
16.Qg4 Bd4 17.Bh6 Rf6 18.b3 Qb5 19.h5 Bxa1 20.hxg6 hxg6 21.Bxg6 Kh8 22.Bg7+ Kxg7
23.Bd3+ Kf7 24.Qh5+ Kg7 25.Qh7+ Kf8 26.Bxb5 Nc7 27.Rxa1  1-0

[Event "Open A"]
[Site "Hamburg GER"]
[Date "2005.10.03"]
[Round "3"]
[White "Gorse,G"]
[Black "Meier,Da"]
[Result "1/2-1/2"]
[WhiteElo "2022"]
[BlackElo "2201"]

1.d4 f5 2.g3 Nf6 3.Bg2 g6 4.Nf3 Bg7 5.O-O O-O 6.c4 d6 7.Nc3 Nc6 8.d5 Ne5
9.Nxe5 dxe5 10.c5 h6 11.Qb3 Kh8 12.Rd1 g5 13.Bd2 a6 14.Be1 e4 15.f3 exf3
16.exf3 f4 17.Bf2 g4 18.Bd4 Qe8 19.Re1 gxf3 20.Bxf3 fxg3 21.hxg3 Qg6 22.Kg2 Bg4
23.Re3 Bxf3+ 24.Rxf3 Rg8 25.Re1 Qg4  1/2-1/2

[Event "Open A"]
[Site "Hamburg GER"]
[Date "2005.10.03"]
[Round "3"]
[White "Oud,N"]
[Black "Christ,R"]
[Result "1/2-1/2"]
[WhiteElo "2110"]
[BlackElo "2314"]

1.d4 f5 2.g3 Nf6 3.Bg2 g6 4.Nf3 Bg7 5.O-O O-O 6.c4 d6 7.Nc3 Qe8 8.Nd5 Nxd5
9.cxd5 Nd7 10.Ng5 Nb6 11.Ne6 Bxe6 12.dxe6 d5 13.Bf4 c6 14.a4 Qc8 15.a5 Nc4
16.b3 Nd6 17.a6 Nb5 18.axb7 Qxb7 19.e3 Rf6 20.Qc2 Rxe6 21.Rfc1 Rd8 22.Bf1 a6
23.Qc5 Bf6  1/2-1/2

[Event "Vojvodina Quality League"]
[Site "Pancevo SCG"]
[Date "2005.10.04"]
[Round "2"]
[White "Ilincic,Z"]
[Black "Orlov,P"]
[Result "1-0"]
[WhiteElo "2540"]
[BlackElo "2321"]

1.d4 f5 2.Nf3 Nf6 3.g3 g6 4.Bg2 Bg7 5.O-O O-O 6.c4 d6 7.Nc3 Nc6 8.d5 Na5
9.Qd3 c5 10.Rb1 Ng4 11.b3 Bd7 12.Ng5 Rc8 13.f4 h6 14.Ne6 Bxe6 15.dxe6 Nc6
16.a3 Nf6 17.e3 h5 18.Bd2 h4 19.gxh4 Kh7 20.Kh1 Rh8 21.e4 Kg8 22.Be1 Nd4
23.exf5 Nxf5 24.Bxb7 Rh6 25.Rg1 Rb8 26.Bf3 Qf8 27.b4 Nd4 28.Bd2 Nf5 29.h5 Nxh5
30.Bxh5 Rxh5 31.Rxg6 Nh4 32.Rg4 Qf5 33.Qxf5 Nxf5 34.Nd5 Kh7 35.Rbg1 Bd4 36.Rg5 Rxg5
37.Rxg5 cxb4 38.axb4 Rg8 39.Rxg8 Kxg8 40.Kg2 Kf8 41.Kf3 Ng7 42.Ke4 Bg1 43.f5 Nh5
44.Bg5  1-0

[Event "Autumn 4"]
[Site "Alushta UKR"]
[Date "2005.10.05"]
[Round "13"]
[White "Pimonenko,B"]
[Black "Olenin,N"]
[Result "1/2-1/2"]
[WhiteElo "2308"]
[BlackElo "2399"]

1.d4 f5 2.Nf3 Nf6 3.g3 g6 4.Bg2 Bg7 5.O-O O-O 6.c4 d6 7.Nc3 Nc6 8.d5 Na5
9.Nd2 c5 10.Qc2 a6  1/2-1/2

[Event "Open A"]
[Site "Hamburg GER"]
[Date "2005.10.06"]
[Round "6"]
[White "Meier,Da"]
[Black "Akram,R"]
[Result "1-0"]
[WhiteElo "2201"]
[BlackElo "1839"]

1.d4 f5 2.Nf3 Nf6 3.g3 g6 4.Bg2 Bg7 5.O-O O-O 6.c4 c6 7.Nc3 Ne4 8.Nxe4 fxe4
9.Ng5 d5 10.Be3 Qb6 11.Qd2 h6 12.Nh3 g5 13.f3 exf3 14.exf3 Na6 15.cxd5 cxd5
16.f4 g4 17.Nf2 Qd6 18.Nd3 b6 19.Ne5 Bf5 20.Rac1 h5 21.Rc6 Qd8 22.Rfc1 Rf6
23.a3 Rxc6 24.Nxc6 Qd7 25.Nxe7+  1-0

[Event "2nd Bundesliga Ost 2005-6"]
[Site "Austria AUT"]
[Date "2005.10.08"]
[Round "1"]
[White "Zojer,S"]
[Black "Wiedermann,F"]
[Result "1-0"]
[WhiteElo "2084"]
[BlackElo "2098"]

1.d4 f5 2.g3 Nf6 3.Bg2 g6 4.Nf3 Bg7 5.O-O O-O 6.c4 d6 7.Nc3 Qe8 8.d5 Na6
9.Rb1 Bd7 10.b4 Rb8 11.Nd4 c5 12.dxc6 bxc6 13.b5 cxb5 14.cxb5 Nc5 15.Nc6 Rb6
16.Nxa7 Nfe4 17.Nxe4 fxe4 18.a4 Qb8 19.a5 Rb7 20.b6 Rxa7 21.bxa7 Qxb1 22.a8=Q Rxa8
23.Qd5+ e6 24.Qxa8+ Kf7 25.Be3 Qb4 26.Qa7 Bd4 27.Bxd4 Qxd4 28.Rb1 Qc4 29.Qb6 Ke7
30.Qb8 Qxe2 31.Bf1 Qd2 32.Qh8 e3 33.Qg7+ Kd8 34.Qf8+ Kc7 35.Qb8+ Kc6 36.Bg2+  1-0

[Event "Lichtenrader Autumn"]
[Site "Berlin GER"]
[Date "2005.10.08"]
[Round "8"]
[White "Bubolz,K"]
[Black "Welz,P"]
[Result "0-1"]
[WhiteElo "2042"]
[BlackElo "2156"]

1.d4 f5 2.Nf3 Nf6 3.g3 g6 4.Bg2 Bg7 5.O-O O-O 6.c4 d6 7.Nc3 Nc6 8.d5 Ne5
9.Nxe5 dxe5 10.c5 h6 11.Qb3 Kh8 12.Rd1 g5 13.Bd2 a6 14.Na4 Qe8 15.Rac1 Qh5
16.Ba5 f4 17.f3 fxg3 18.hxg3 g4 19.Bxc7 gxf3 20.exf3 e4 21.Nb6 Bg4 22.Rc3 exf3
23.Rxf3 Bxf3 24.Bxf3 Ng4 25.Bxg4 Qxg4 26.Nxa8 Bd4+ 27.Rxd4 Qxd4+ 28.Kg2 Qf2+
29.Kh3 Qf1+ 30.Kh4 Qh1+ 31.Kg4 h5+ 32.Kg5 Qe4 33.Qc3+ Kh7  0-1

[Event "FSIMB October"]
[Site "Budapest HUN"]
[Date "2005.10.08"]
[Round "8"]
[White "Hoang Tri"]
[Black "Erdei,A"]
[Result "1/2-1/2"]
[WhiteElo "2214"]
[BlackElo "2191"]

1.d4 f5 2.g3 g6 3.Bg2 Bg7 4.Nf3 Nf6 5.O-O O-O 6.c4 d6 7.Nc3 c6 8.d5 Qe8 9.Rb1 Na6
10.dxc6 bxc6 11.b4 Bd7 12.b5 Nc5 13.Nd4 Nfe4 14.Nxe4 Nxe4 15.bxc6 Bxc6 16.Ne6 Nc3
17.Nxg7 Qc8 18.Qd3 Bxg2 19.Kxg2 Nxb1 20.Bh6 Qb7+ 21.Kg1 Rab8 22.Ne6 Rf6 23.Nd4 Qe4
24.Qxe4 fxe4 25.Nb5 a6 26.Rxb1 axb5 27.cxb5 g5 28.Bxg5 Rf5 29.Bxe7 Rd5 30.a4 Kf7
31.Bh4 Rd4 32.Ra1 Rb4 33.Bg5 Ra8 34.Bf4 Ke6 35.a5 Rxb5 36.a6 Kd7 37.Ra4 Kc6
38.a7 Rb7 39.Be3 Re7 40.Bd4 Rb7 41.e3 Rb1+ 42.Kg2 Kb5 43.Ra2 Rb4 44.f3 d5
45.fxe4 dxe4 46.Rf2 Kc4 47.Rc2+ Kd3 48.Ra2 Rc4 49.Ra3+ Ke2 50.Ra2+ Kd3 51.Ra3+ Ke2  1/2-1/2

[Event "Open A"]
[Site "Hamburg GER"]
[Date "2005.10.08"]
[Round "8"]
[White "Kurbangulov,V"]
[Black "Fernandez,Laur"]
[Result "1-0"]
[WhiteElo "2033"]
[BlackElo "1902"]

1.d4 f5 2.c4 g6 3.Nf3 Nf6 4.g3 Bg7 5.Bg2 O-O 6.O-O d6 7.Nc3 Nc6 8.d5 Ne5
9.Nxe5 dxe5 10.e4 f4 11.f3 fxg3 12.hxg3 Nh5 13.Ne2 e6 14.Be3 Qe7 15.Qb3 a5
16.a4 b6 17.Bh3 Kh8 18.Bxe6 Bxe6 19.dxe6 Qxe6 20.Kg2 Rab8 21.Rad1 c6 22.Qd3 Bf6
23.b3 Rfd8 24.Qc2 b5 25.Rxd8+ Bxd8 26.cxb5 cxb5 27.Rc1 Nf6 28.axb5 Rxb5 29.Qc8 Qd6
30.Bg5 Kg7 31.Bxf6+ Bxf6 32.Rc6 Qd8 33.Qe6 Rb8 34.Rd6 Qf8 35.Rd7+ Kh8 36.Rf7  1-0

[Event "TCh-BEL 2005-6"]
[Site "Belgium BEL"]
[Date "2005.10.09"]
[Round "1"]
[White "Knors,R"]
[Black "Fontaine,P"]
[Result "1/2-1/2"]
[WhiteElo "2075"]
[BlackElo "2100"]

1.d4 f5 2.Nf3 Nf6 3.g3 g6 4.Bg2 Bg7 5.O-O O-O 6.c4 d6 7.Nc3 Na6 8.e4 fxe4
9.Ng5 Bg4 10.Qb3 c5 11.d5 Rb8 12.Ngxe4 Nxe4 13.Nxe4 Nc7 14.a4 b6 15.Bd2 a6
16.Bc3 Bh6 17.Qa2 b5 18.b3 Bf3 19.Bxf3 Rxf3 20.Qe2 Rf5 21.axb5 axb5 22.Ra7  1/2-1/2

[Event "Vojvodina Quality League"]
[Site "Pancevo SCG"]
[Date "2005.10.09"]
[Round "9"]
[White "Lalic,D"]
[Black "Kostic,VV"]
[Result "1/2-1/2"]
[WhiteElo "2364"]
[BlackElo "2330"]

1.Nf3 f5 2.g3 Nf6 3.Bg2 g6 4.O-O Bg7 5.d4 O-O 6.c4 d6 7.b3 Ne4 8.Bb2 Nd7
9.Nfd2 Nxd2 10.Qxd2 Nf6 11.d5 Bd7 12.Nc3 c5 13.Rfe1 Qa5 14.Qc1 Rae8 15.e4 Ng4
16.exf5 Bxf5 17.Ne2 Bxb2 18.Qxb2 Ne5 19.Qc3 Qxc3 20.Nxc3 g5 21.f3 a6 22.Re3 Rf6
23.Rae1 Kf8 24.Rf1 Bd3 25.f4 Bxf1 26.fxe5 Bxg2 27.exf6 Bh3 28.Ne4 exf6 29.Kf2 b6
30.a4 a5 31.Nxd6 Rxe3 32.Kxe3 Ke7 33.Ne4 h6 34.Kf3 f5 35.Nf2 Bf1 36.h4 Kf6
37.hxg5+ hxg5 38.g4 Ke5 39.Ke3 Kf6 40.Kf3 Ke5 41.Ke3 Kf6 42.gxf5 Kxf5 43.Kf3 Kg6
44.Ng4 Kf7 45.Ke4 Be2 46.Nf2 Kf6 47.Ke3 Bh5 48.Ne4+ Ke5 49.Nxg5 Bd1 50.Nf3+ Kf5
51.Nd2 Bc2 52.Kf3 Kg5 53.Ne4+ Kf5 54.Nd6+ Ke5 55.Nc8 Bxb3 56.Nxb6 Kd6 57.Nc8+ Kd7
58.Na7 Bxc4 59.Ke4 Bb3 60.Nc6 Kd6 61.Nxa5  1/2-1/2

[Event "FSIMB October"]
[Site "Budapest HUN"]
[Date "2005.10.10"]
[Round "10"]
[White "Dougherty,M"]
[Black "Erdei,A"]
[Result "1-0"]
[WhiteElo "2212"]
[BlackElo "2191"]

1.d4 f5 2.Nf3 g6 3.g3 Bg7 4.Bg2 Nf6 5.O-O O-O 6.c4 d6 7.Nc3 c6 8.b4 Qe8 9.Bb2 e5
10.dxe5 dxe5 11.e4 Nh5 12.exf5 gxf5 13.Qd2 Be6 14.Qe2 e4 15.Ng5 Bd7 16.f4 h6
17.Nh3 Na6 18.a3 Be6 19.Rac1 Bd4+ 20.Nf2 Qf7 21.Nd1 c5 22.bxc5 Bxc5 23.Ne3 Rac8
24.Rfd1 Nf6 25.Bh3 Nd7 26.Kh1 Nb6 27.g4 fxg4 28.Bxg4 Bxg4 29.Rg1 Kh7 30.Rxg4 Rg8
31.Rcg1 Rxg4 32.Nexg4 Rf8 33.Nf6+ Qxf6 34.Bxf6 Rxf6 35.Qxe4+ Kh8 36.Ng4 Rc6
37.Qe8+ Kg7 38.Rg3 Rg6 39.Ne5 Rxg3 40.Qf7+ Kh8 41.hxg3 Na4 42.Ng6+  1-0

[Event "TCh-NED 2005-6"]
[Site "Netherlands NED"]
[Date "2005.10.15"]
[Round "2"]
[White "Richter,Ch"]
[Black "Nijboer,F"]
[Result "0-1"]
[WhiteElo "2435"]
[BlackElo "2545"]

1.d4 f5 2.g3 Nf6 3.Bg2 g6 4.Nf3 Bg7 5.O-O O-O 6.c4 d6 7.Nc3 c6 8.d5 e5 9.dxe6 Bxe6
10.b3 Na6 11.Ng5 Bc8 12.Bb2 Qe7 13.Qc2 Bd7 14.Rad1 Rad8 15.Rfe1 Bc8 16.Ba3 Ng4
17.Bc1 Nb4 18.Qd2 Bxc3 19.Qxc3 Nxa2 20.Qd2 Nxc1 21.Qxc1 f4 22.Nf3 fxg3 23.hxg3 Qc7
24.Rf1 Qa5 25.Rd4 Rde8 26.Qb2 Qh5 27.Rfd1 d5 28.cxd5 c5 29.Ra4 Bd7 30.Rxa7 Rxf3  0-1

[Event "Open A"]
[Site "Liberec CZE"]
[Date "2005.10.25"]
[Round "4"]
[White "Natsidis,C"]
[Black "Golcman,E"]
[Result "1/2-1/2"]
[WhiteElo "2133"]
[BlackElo "2311"]

1.d4 f5 2.g3 Nf6 3.Bg2 g6 4.Nf3 Bg7 5.O-O O-O 6.c4 d6 7.Nc3 Nc6 8.b3 e5 9.dxe5 dxe5
10.e4 Qxd1 11.Rxd1 fxe4 12.Ng5 Bg4 13.Rf1 Nd4 14.Ngxe4 Nxe4 15.Bxe4 Bf3 16.Be3 Ne2+
17.Nxe2 Bxe4 18.Rad1 Bf3 19.Rd2 Rf7 20.Rfd1 Bf6 21.Kf1 a6 22.Rd7 Rxd7 23.Rxd7 Rd8
24.Rxd8+ Bxd8 25.Nc3 Kf7 26.h4 Ke6 27.Ke1 Be7 28.Kd2 Bb4 29.Kd3 Kf5 30.Kc2 b6
31.Kd3 Bc6 32.Ke2 Kg4 33.Kd3 Kf3 34.Kd2 Be4 35.a3 Bxa3 36.Nxe4 Kxe4 37.Ke2 h5
38.f3+ Kf5 39.Kd3 Bd6 40.Bf2 b5 41.c5 Be7 42.b4 c6 43.Be1 Bd8 44.Bf2 Bf6
45.Be3 Bd8 46.Bd2 Bc7 47.Be1 Bd8 48.Bd2  1/2-1/2

[Event "25th An FMA"]
[Site "Madrid ESP"]
[Date "2005.10.30"]
[Round "3"]
[White "Minzer,C"]
[Black "Elissalt Cardenas,H"]
[Result "1-0"]
[WhiteElo "2438"]
[BlackElo "2327"]

1.d4 f5 2.g3 Nf6 3.Bg2 g6 4.Nf3 Bg7 5.O-O O-O 6.c4 d6 7.Nc3 Na6 8.d5 Nc5
9.Nd4 e5 10.dxe6 c6 11.Bf4 Nh5 12.Nxc6 bxc6 13.e7 Qxe7 14.Bxd6 Qf6 15.Bxc5 Rd8
16.Qa4 Bd7 17.Rad1  1-0

[Event "5th Rohde Open"]
[Site "Sautron FRA"]
[Date "2005.10.30"]
[Round "9"]
[White "Payen,A"]
[Black "Koziak,V"]
[Result "0-1"]
[WhiteElo "2408"]
[BlackElo "2480"]

1.d4 f5 2.g3 Nf6 3.Bg2 g6 4.Nf3 Bg7 5.O-O O-O 6.c4 d6 7.Nc3 e6 8.Bg5 h6 9.Bxf6 Qxf6
10.e4 Nc6 11.exf5 exf5 12.Nd5 Qf7 13.h4 Nd8 14.Nf4 Ne6 15.Re1 Nxf4 16.gxf4 Qxc4
17.d5 Qxf4 18.Rc1 Rf7 19.Qe2 Qa4 20.b3 Qd7 21.Qc2 Qd8 22.Bf1 f4 23.Bd3 Bg4
24.Nh2 Qxh4 25.Bxg6 Rf6 26.Qe4 Qg5 27.Bh7+ Kh8 28.Kh1 h5 29.Rxc7 f3 30.Rg1 Qh6
31.Re1 Qxh7  0-1

[Event "9th Bavarian Open"]
[Site "Bad Wiessee GER"]
[Date "2005.11.04"]
[Round "7"]
[White "Lupor,A"]
[Black "Zysk,R"]
[Result "0-1"]
[WhiteElo "2269"]
[BlackElo "2460"]

1.d4 f5 2.g3 Nf6 3.Bg2 g6 4.Nf3 Bg7 5.O-O O-O 6.c4 d6 7.Nc3 e6 8.Qc2 Nc6
9.Rd1 Qe7 10.d5 Nb4 11.Qb3 Na6 12.dxe6 Nc5 13.Qc2 c6 14.Nd4 Nxe6 15.Nxe6 Bxe6
16.b3 d5 17.cxd5 cxd5 18.Nb5 Rfc8 19.Qd3 Ne4 20.Ba3 Qd8 21.Nd4 Bf7 22.Bb2 Qa5
23.e3 Rc7 24.Bf1 a6 25.f3 Nc5 26.Qd2 Qb6 27.Ne2 Bxb2 28.Qxb2 Re8 29.Nf4 Rxe3
30.Nxd5 Bxd5 31.Rxd5 Nd3 32.Qd4 Qxd4 33.Rxd4 Ne5 34.Rd8+ Kg7 35.f4 Ng4 36.Rd2 h5
37.Rad1 Nf6 38.Rd3 Re8 39.Bg2 Re2 40.R3d2 Rxd2 41.Rxd2 Rc1+ 42.Kf2 Ng4+ 43.Ke2 Rc7
44.h3 Nf6 45.Bf3 Kf7 46.Rd6 Rc2+ 47.Ke3 Rxa2 48.Rb6 Rb2 49.Rxb7+ Ke6 50.Rb6+ Ke7
51.Be2 Nd5+  0-1

[Event "Bundesliga 2005-6"]
[Site "Leipzig GER"]
[Date "2005.11.13"]
[Round "4"]
[White "Scholz,C"]
[Black "Lieb,H"]
[Result "1/2-1/2"]
[WhiteElo "2390"]
[BlackElo "2236"]

1.d4 f5 2.g3 Nf6 3.Bg2 g6 4.c4 Bg7 5.Nf3 O-O 6.O-O d6 7.Nc3 Qe8 8.b3 c6 9.Ba3 Na6
10.Qc2 Rb8 11.Rad1 b5 12.cxb5 cxb5 13.Bb2 Bb7 14.a4 bxa4 15.bxa4 Bc6 16.Ba1 Nb4
17.Qb3+ Nbd5 18.Qa2 e6 19.a5 Nxc3 20.Bxc3 Nd5 21.Bd2 Qd7 22.Rc1 Rfc8 23.Rfe1 Nf6
24.Rc2 Bd5 25.Rxc8+ Rxc8 26.Qa3 Ne8 27.e3 Rc2 28.Rc1 Qc6 29.Rxc2 Qxc2 30.Qc1 Qxc1+
31.Bxc1 Bf6 32.h4 Bd8 33.Bd2 h6 34.Bb4 Kf7 35.Nd2 Bxg2 36.Kxg2 Ke7 37.d5 exd5
38.Nb3 Kd7 39.Kf3 Bf6 40.Ke2 Kc6 41.Kd3 Nc7 42.Bc3 Bxc3 43.Kxc3 Ne6 44.Kb4 a6
45.Nd4+ Nxd4 46.exd4 g5 47.f4  1/2-1/2

[Event "FSGMA December"]
[Site "Budapest HUN"]
[Date "2005.12.13"]
[Round "11"]
[White "Steingrimsson,H"]
[Black "Hoang Thanh Trang"]
[Result "1/2-1/2"]
[WhiteElo "2435"]
[BlackElo "2471"]

1.Nf3 f5 2.g3 Nf6 3.Bg2 g6 4.O-O Bg7 5.d4 O-O 6.c4 d6 7.Nc3 Qe8 8.d5 a5 9.Be3 Na6
10.Qd2 Ng4 11.Bf4 Nc5 12.Nb5 Qd8 13.Nfd4 Bd7 14.Rad1 Qc8 15.b3 Ne4 16.Bxe4 fxe4
17.Nc3 c5 18.Ndb5 Bf5 19.f3 exf3 20.exf3 Ne5 21.Qe3 Bh3 22.Rf2 Qd7 23.Ne4 Nf7
24.Ng5 Nxg5 25.Bxg5 Rf7 26.a4 Raf8 27.Re1 b6 28.Qe4 Bf5 29.Qh4  1/2-1/2

[Event "5th Amplico AIG Life"]
[Site "Warsaw POL"]
[Date "2005.12.17"]
[Round "6"]
[White "Luch,M"]
[Black "Zubov,A UKR"]
[Result "0-1"]
[WhiteElo "2378"]
[BlackElo "2493"]

1.Nf3 f5 2.g3 Nf6 3.Bg2 g6 4.O-O Bg7 5.d4 O-O 6.c4 d6 7.Nc3 Qe8 8.d5 Na6
9.Nd4 Bd7 10.Rb1 c6 11.dxc6 bxc6 12.b4 Rc8 13.Nc2 Qf7 14.Ne3 g5 15.b5 cxb5
16.Bb7 Nc5 17.Nxb5 f4 18.Nd5 Bh3 19.Bxc8 Rxc8 20.Re1 Nfe4 21.f3 fxg3 22.hxg3 Nxg3
23.Kh2 Qh5 24.Kxg3 Qh4+ 25.Kh2 Be5+ 26.f4 Bf5+ 27.Kg2 Qh3+  0-1

[Event "8th Open ch-Bajmok"]
[Site "Bajmok SCG"]
[Date "2005.12.28"]
[Round "4"]
[White "Guzsvany,A"]
[Black "Jovicic,A"]
[Result "1/2-1/2"]
[WhiteElo "2002"]
[BlackElo "2080"]

1.d4 f5 2.c4 Nf6 3.g3 g6 4.Bg2 Bg7 5.Nf3 O-O 6.O-O d6 7.Nc3 Nc6 8.d5 Na5
9.Nd2 c5 10.Qc2 Rb8 11.a3 b6 12.b4 Nb7 13.Rb1 cxb4 14.axb4 a5 15.Ba3 Bd7
16.Rfc1 Ng4 17.e3 Ne5 18.Bf1 g5 19.f4 gxf4 20.exf4 Ng4 21.Qd3 b5 22.Nd1  1/2-1/2

[Event "Harmonie Open A"]
[Site "Groningen NED"]
[Date "2005.12.30"]
[Round "9"]
[White "Heemskerk,W"]
[Black "Schiffer,KU"]
[Result "1/2-1/2"]
[WhiteElo "2265"]
[BlackElo "2316"]

1.Nf3 f5 2.d4 Nf6 3.g3 g6 4.Bg2 Bg7 5.O-O O-O 6.c4 d6 7.Nc3 Qe8 8.d5 a5 9.Nd4 Na6
10.b3 Bd7 11.Bb2 g5 12.Qd2 f4 13.Rae1 Qg6 14.e3 fxg3 15.fxg3 Nc5 16.e4 Ng4
17.Nf5 Bxf5 18.exf5 Rxf5 19.Rxf5 Qxf5 20.Bh3 Qd3 21.Qxg5 Qd4+ 22.Kh1 Nf2+
23.Kg2 Nxh3 24.Kxh3 Qf6 25.Qxf6 Bxf6 26.Nd1 Nd3  1/2-1/2

[Event "10th Open"]
[Site "Bad Zwesten GER"]
[Date "2006.01.05"]
[Round "5"]
[White "Rubel,J"]
[Black "Kummerow,H"]
[Result "0-1"]
[WhiteElo "2103"]
[BlackElo "2285"]

1.d4 f5 2.g3 Nf6 3.Bg2 g6 4.Nf3 Bg7 5.O-O O-O 6.c4 d6 7.Nc3 Qe8 8.Re1 Qf7
9.b3 Ne4 10.Bb2 Nd7 11.Rc1 Ndf6 12.Nd2 Nxf2 13.Qc2 N2g4 14.e4 fxe4 15.Ncxe4 Bh6
16.Rcd1 Ne3 17.Rxe3 Bxe3+ 18.Kh1 c6 19.Qd3 Bh6 20.Rf1 Bf5 21.d5 c5 22.h3 Nxe4
23.Nxe4 Bg7 24.g4 Bxb2 25.gxf5 gxf5 26.Ng5 Qg6 27.Ne6 Rf6 28.Bf3 Kh8 29.Rg1 Qh6
30.Be2 Rg8 31.Rxg8+ Kxg8  0-1